| 000 | 00632nam a2200217 a 4500 | ||
|---|---|---|---|
| 001 | 46710 | ||
| 003 | BD-RjUL | ||
| 005 | 20211209054207.0 | ||
| 008 | 161125s1954 enk 000 0 eng | ||
| 035 | _a(BD-RjUL)46829 | ||
| 040 |
_aBD-RjUL _cUTL _dSER _dBD-RjUL _beng |
||
| 041 | _aeng | ||
| 082 |
_a823.7 _223 _bAUP 1954 |
||
| 100 | 1 |
_aAusten, Jane _9166995 |
|
| 245 | 1 | 0 |
_aPride and prejudice / _cJane Austen |
| 260 |
_aLondon : _bZodiac Press, _c1954. |
||
| 300 |
_a298 p. ; _c22 cm. |
||
| 651 |
_aEngland _xYoung women _vSocial classes _9166996 |
||
| 651 |
_xEnglish Fiction _9163996 |
||
| 942 |
_2ddc _cBK |
||
| 999 |
_c46710 _d46710 |
||